000 00304cam a22001217a 4500
008 180718b1913 xxu||||| |||| 00| 0 eng d
082 _aT1 C367
100 _aChapman, S.J.
245 _aElementary economics
_cby S.J. Chapman
260 _aLondon
_bLongmans
_c1913
300 _a169p.
650 _aEconomics
999 _c362123
_d362123